| 000 | 01048 a2200193 4500 | ||
|---|---|---|---|
| 003 | Nust | ||
| 005 | 20221121155348.0 | ||
| 020 | _a0-85227-231-6 | ||
| 040 | _cNust | ||
| 082 | _a621.381,ORM | ||
| 100 | 1 |
_aOrme, Michael _9103290 |
|
| 245 | 0 | 0 |
_aMicros : _ba pervasive force : a study of the impact of microelectronics on business and society 1946-90 / _cMichael Orme |
| 260 |
_aLondon : _bAssoc. Business P., _c1979 |
||
| 300 |
_a214 p: _btab. |
||
| 505 | _aThe Economic Background to Electronic (Page-1), The Social and Political Environment (Page-26), A Certain Small Devices The Historical Perspective (Page-57), The Microprocessors Scope and Prospects(Page-68), A Computer Resolution the Computer as a Components (Page-81), The Human Engineering Problem Limits on the Future (Page-98), Semiconductors The Worlds Toughest Business (Page-120), Silicon Future (Page-147), Network To The Future (Page-173), Epilogue Computer Break Loose (Page-191). | ||
| 600 |
_aMicros : _9103291 |
||
| 650 | _aTelecommunication Engineering | ||
| 942 |
_2ddc _cBK |
||
| 999 |
_c194178 _d194178 |
||